| 000 | 00443nam a2200157Ia 4500 | ||
|---|---|---|---|
| 008 | 140609s9999 xx 000 0 und d | ||
| 020 | _a9789710112210 | ||
| 050 |
_aHQ 775 _b.F267 2010 |
||
| 100 | _aFausto, Rose Fres. | ||
| 245 |
_aRaising pinoy boys / _cRose Fres - Fausto, |
||
| 260 |
_aQuezon, Philippines : _bCentral book supply, _cc2010. |
||
| 300 |
_a183 p. : _bill. ; _c23 cm. |
||
| 521 | _aGE | ||
| 942 |
_kLOC _cBK |
||
| 999 |
_c118122 _d118122 |
||